Anerkannte Abkürzungen im "Länder der Welt" - Quiz - Statistiken

Allgemein
  • Dieses Quiz wurde 878 mal gespielt
  • Das Durchschnittsergebnis liegt bei 4 aus 7
Antworten auf der Karte
Die Antworten werden auf der Karte rot bzw. grün angezeigt, abhängig davon wie oft sie richtig erraten wurden.
 
Antwortstatistiken
Land (voller Name) Land (Abkürzung) % Korrekt
Vereinigte Staaten USA
96%
Vereinigte Arabische Emirate VAE
73%
Vereinigtes Königreich VK
57%
Zentralafrikanische Republik ZAR
37%
Demokratische Republik Kongo DRK
34%
Dominikanische Republik DomRep
32%
Papua-Neuguinea PNG
29%
Keine übereinstimmenden Quizze gefunden
Verteilung der Resultate
Anzahl Personen mit jedem Resultat
Perzentil nach korrekt beantworteten Fragen
Ihre Resultats-Entwicklung
Sie haben dieses Quiz noch nicht gespielt